000 00832nam a2200265Ia 4500
003 OSt
005 20220925215259.0
006 a|||||r|||| 00| 0
007 ta
008 220923b |||||||| |||| 00| 0 eng d
020 _a0435825380
037 _cGeneral Book
040 _aRTL
_cRTL
_beng
041 _2eng
_aeng
082 _aV73.N70<--L90, L0
100 _aLipset Seymour Martin
_910911
245 0 _aThe Politics of unreason
_b Rights wing extremism in America ,1790-1970
260 _aLondon
_bHeinemann Educational Books UK
_c1970
300 _axxiv, 547p
_ccm.
500 _aAppendix:P517-24; Index:P525-47
650 _aUnited States History
_931585
700 _a Raab Earl
942 _hV73.N70<--L90, L0
_cGB
_2CC
999 _c568342
_d568342